000 00293nam a22001217a 4500
082 _a823
_bBLY/F
100 _aBLYTON, ENID
245 _aFAMOUS FIVE - 5 GO TO SMUGGLER'S TOP
260 _aUNITED KINGDOM
_bHODDER
_c1991
300 _a160
650 _aENGLISH STORY
_zUNITED KINGDOM
942 _cBK
999 _c7238
_d7238